Prado florido / (Registro nro. 30288)
[ vista simple ]
| 000 -LÍDER | |
|---|---|
| campo de control de longitud fija | 00851nam a22002777a 4500 |
| 003 - IDENTIFICADOR DE NÚMERO DE CONTROL | |
| campo de control | OSt |
| 005 - FECHA Y HORA DE LA ÚLTIMA | |
| campo de control | 20240311173029.0 |
| 008 - ELEMENTOS DE DATOS DE LONGITUD FIJA - INFORMACIÓN GENERAL | |
| campo de control de longitud fija | 231026b |||||||| |||| 00| 0 eng d |
| 020 ## - NÚMERO INTERNACIONAL NORMALIZADO DEL LIBRO | |
| Número de libro estándar internacional | 9788421742815 |
| 037 ## - FUENTE DE ADQUISICIÓN | |
| Materials specified | Donación |
| 040 ## - FUENTE DE CATALOGACIÓN | |
| Agencia de catalogación original | CO-JMCR |
| Agencia de transcripción | CO-JMCR |
| Agencia modificadora | CO-JMCR |
| Convenciones de descripción | rda |
| 041 ## - CÓDIGO DE IDIOMA | |
| Código de idioma del texto/pista de sonido o título independiente | spa |
| 082 ## - NÚMERO DE CLASIFICACIÓN DECIMAL DEWEY | |
| Número de clasificación | A-N |
| Número de artículo | GALp |
| 100 ## - ENTRADA PRINCIPAL - NOMBRE PERSONAL | |
| Término relativo | autor |
| Nombre personal | Galsworthy, John |
| 9 (RLIN) | 43561 |
| 245 ## - DECLARACIÓN DEL TÍTULO | |
| Título | Prado florido / |
| Declaración de responsabilidad, etc. | Jhon Galsworthy |
| 246 ## - FORMA VARIABLE DEL TÍTULO | |
| Título propiamente dicho/título corto | Flowering Wilderness |
| 260 ## - PUBLICACIÓN, DISTRIBUCIÓN, ETC. | |
| Lugar de publicación, distribución, etc. | España |
| Nombre del editor, distribuidor, etc. | Luis de Caralt Editor |
| 300 ## - DESCRIPCIÓN FÍSICA | |
| Medida | 286 páginas |
| Dimensiones | 20 cm |
| 490 ## - DECLARACIÓN DE LA SERIE | |
| Declaración de serie | Biblioteca Contemporanea |
| 650 ## - ENTRADA AÑADIDA DE ASUNTO - TÉRMINO TEMÁTICO | |
| Fuente del encabezado o término | JMCR |
| -- | Literatura Inglesa |
| Subdivisión cronológica | Siglo XX |
| 9 (RLIN) | 14247 |
| 650 ## - ENTRADA AÑADIDA DE ASUNTO - TÉRMINO TEMÁTICO | |
| Fuente del encabezado o término | JMCR |
| -- | Novela Inglesa |
| Subdivisión cronológica | Siglo XX |
| 9 (RLIN) | 7155 |
| 650 ## - ENTRADA AÑADIDA DE ASUNTO - TÉRMINO TEMÁTICO | |
| Fuente del encabezado o término | JMCR |
| -- | Amor en la literatura |
| 9 (RLIN) | 634 |
| 650 ## - ENTRADA AÑADIDA DE ASUNTO - TÉRMINO TEMÁTICO | |
| Fuente del encabezado o término | JMCR |
| -- | Burguesía en la literatura |
| 9 (RLIN) | 43562 |
| 700 ## - ENTRADA AGREGADA - NOMBRE PERSONAL | |
| Nombre personal | Bertel, Emilia |
| Término relativo | Traductora |
| 9 (RLIN) | 43563 |
| 942 ## - ELEMENTOS DE ENTRADA AÑADIDOS (KOHA) | |
| Source of classification or shelving scheme | Dewey Decimal Classification |
| Tipo de artículo Koha | Books |
| 999 ## - | |
| -- | 30288 |
| -- | 16672 |
| Estado retirado |
|---|